000 005220000a22001810004500
003 MACL
005 20160331170816.0
008 160331b xxu||||| |||| 00| 0 eng d
040 _aMACL
_cMACL
041 _aHindi
082 _a300
100 _aप्रभा खेतान
_949465
245 _aबाजार के बीच
_bबाजार के खिलाफ
260 _bविघानिधि
_c2004
_aदिल्‍ली
350 _a250
650 _aLiteracture
_949466
942 _cHIN
_k300
_2ddc
999 _c9982
_d9982